00424nam a2200157Ia 4500008004100000040001900041041001200060082002200072100002200094245004500116260002600161300002000187650002000207651002300227850001600250131103s9999 xx 000 0 und d aLoreto College aEnglish aF/MACbLCBED/8560 aMaclean, Alistair aForce 10 from navaronecAlistair Maclean aLondonbFontanac1972 a223p. c 18 cm. aEnglish fiction aEnglish literature aLCBED/F/MAC